Catalog

Record Details

Catalog Search



Available copies

  • 2 of 2 copies available at LARL/NWRL Consortium.
  • 2 of 2 copies available at Lake Agassiz Regional Library. (Show preferred library)

Current holds

0 current holds with 2 total copies.

Show Only Available Copies
Location Call Number / Copy Notes Barcode Shelving Location Status Due Date
Barnesville Public Library SF ELA (Text) 33500014155022 Main Available -
Moorhead Public Library SF ELA (Text) 33500014155030 Main Available -

Record details

  • ISBN: 9780593723036
  • ISBN: 0593723031
  • Physical Description: 338 pages : illustrations ; 25 cm.
  • Edition: First U.S. edition.
  • Publisher: New York : Del Rey, [2025]

Content descriptions

Summary, etc.:
"Yeeran and Lettle are no longer prisoners to the ... Read More
Subject: Sisters > Fiction.
Elves > Fiction.
Fairies > Fiction.
Magic > Fiction.
Exile (Punishment) > Fiction.
Genre: Fantasy fiction.
Romance fiction.
Novels.
LDR 01777cam a2200481 i 4500
001448030
003LARL_NWRL_CONSORTIUM
00520250210195033.0
008250130t20252025nyua 000 1 eng
010 . ‡a 2024058811
040 . ‡aDLC ‡beng ‡erda ‡cFFL ‡dFFL ‡dOCLCO ‡dOCO ‡dIMD
020 . ‡a9780593723036 ‡q(hardcover)
020 . ‡a0593723031 ‡q(hardcover)
035 . ‡a(OCoLC)1492365744
08200. ‡a823/.92 ‡223/eng/20241209
1001 . ‡aEl-Arifi, Saara, ‡eauthor.
24510. ‡aCursebound / ‡cSaara El-Arifi.
250 . ‡aFirst U.S. edition.
264 1. ‡aNew York : ‡bDel Rey, ‡c[2025]
264 4. ‡c©2025
300 . ‡a338 pages : ‡billustrations ; ‡c25 cm.
336 . ‡atext ‡btxt ‡2rdacontent
337 . ‡aunmediated ‡bn ‡2rdamedia
338 . ‡avolume ‡bnc ‡2rdacarrier
4900 . ‡aFaebound ; ‡v2
520 . ‡a"Yeeran and Lettle are no longer prisoners to the fae court, but now they're bound by shackles of their hearts, in this sequel to Faebound from the national bestselling author. United by war. Betrayed by destiny. Cursed by love"-- ‡cProvided by publisher.
650 0. ‡aSisters ‡vFiction. ‡0(LARL_NWRL_CONSORTIUM)167281
650 0. ‡aElves ‡vFiction. ‡0(LARL_NWRL_CONSORTIUM)169235
650 0. ‡aFairies ‡vFiction. ‡0(LARL_NWRL_CONSORTIUM)164910
650 0. ‡aMagic ‡vFiction. ‡0(LARL_NWRL_CONSORTIUM)165984
650 0. ‡aExile (Punishment) ‡vFiction.
655 7. ‡aFantasy fiction. ‡2lcgft
655 7. ‡aRomance fiction. ‡2lcgft
655 7. ‡aNovels. ‡2lcgft
901 . ‡a448030 ‡bOCoLC ‡c448030 ‡tbiblio ‡soclc

Additional Resources